| 000 | 00591nam a2200205Ia 4500 | ||
|---|---|---|---|
| 005 | 20250326144747.0 | ||
| 008 | 250326s9999 xx 000 0 und d | ||
| 020 | _a0-7637-2842-X | ||
| 037 | _aTextbook | ||
| 040 |
_aFMSL _beng _cFMSL |
||
| 041 |
_aeng _2eng |
||
| 084 |
_aLob28 P6;1 _qFMSL |
||
| 100 |
_aOsborn Carol E _9742786 |
||
| 245 | 0 |
_aStatistical applications for health information management _cOsborn Carol E |
|
| 250 | _a2 | ||
| 260 |
_aLondon _bLondon, Jones And Bartlett _c2006 |
||
| 300 | _ax,390 | ||
| 942 |
_cTB _hLob28 P6;1 |
||
| 999 |
_c1304925 _d1304925 |
||